005390000a2200145000450024501320000065000130013265000180014565000150016365000210017865100540019965300330025304100140028610000310030077300620033110aContribución al estudio de los ortópteros de México, IV. ortópteros del Pedregal de San Ángel, Villa Obregón, D. F.14aInsectos14aEntomología14aBiología14aNuevos registros 4lPedregal de San AngeldDistrito FederalpMéxico gSyntechnaeSyntechna tarasca0 aEspañol1 aMárquez Mayaudon, Carlos1 tAnales del Instituto de Biología3127h1q107-112d1968